| 000 | 00439nam a2200169Ia 4500 | ||
|---|---|---|---|
| 008 | 210719s2014 xx 000 0 und d | ||
| 041 | _aeng | ||
| 082 | _a530 SHRP | ||
| 100 | _aSHRIDHAR (A);RAO (Sudhakar) | ||
| 245 | _aPhysics: I Puc text book | ||
| 260 |
_aMangalore _bBoscoss Publications _c2014 |
||
| 300 |
_a548 _bPB |
||
| 365 |
_b356 _cRs |
||
| 650 | _aPhysics | ||
| 650 | _aPhysics | ||
| 906 | _abook ; I ; Physics: ; Puc ; text | ||
| 999 |
_c216030 _d216030 |
||